RuPaul's Drag Race All Stars 3 - Statistics

General Stats
  • This quiz has been taken 242 times
  • The average score is 9 of 10
Answer Stats
Place Answer % Correct
1st Trixie Mattel
98%
2nd Kennedy Davenport
95%
4th/3rd Shangela
95%
5th BenDeLaCreme
91%
9th Thorgy Thor
91%
4th/3rd Bebe Zahara Benet
90%
8th Milk
88%
6th Aja
87%
10th Morgan McMichaels
86%
7th Chi Chi DeVayne
81%
No matching quizzes found
Score Distribution
Percent of People with Each Score
Percentile by Number Answered
Your Score History
You have not taken this quiz